Central Library OPAC University of Rajshahi

A hand book of research for the fellows of M.phil and Ph. D. Programmers / (Record no. 37704)

MARC details
000 -LEADER
fixed length control field 00632nam a22002057a 4500
001 - CONTROL NUMBER
control field 37704
003 - CONTROL NUMBER IDENTIFIER
rucl marc code BD-RjUL
005 - DATE AND TIME OF LATEST TRANSACTION
control field 20211209052634.0
008 - FIXED-LENGTH DATA ELEMENTS--GENERAL INFORMATION
fixed length control field 150207s1996 b ||||| |||| 00| 0 eng d
035 ## - SYSTEM CONTROL NUMBER
System control number (BD-RjUL)
040 ## - CATALOGING SOURCE
Original cataloging agency BD-RjUL
Language of cataloging eng
Transcribing agency BD-RjUL
041 ## - LANGUAGE CODE
Language code of text/sound track or separate title eng
082 ## - DEWEY DECIMAL CLASSIFICATION NUMBER
Edition number 21
Classification number 370.72
Author mark and year ABH 1996
245 ## - TITLE STATEMENT
Title A hand book of research for the fellows of M.phil and Ph. D. Programmers /
Statement of responsibility, etc. M. Zainul Abedin
260 ## - PUBLICATION, DISTRIBUTION, ETC. (IMPRINT)
Place of publication, distribution, etc. Dhaka :
Name of publisher, distributor, etc. Book Syndicate ;
Date of publication, distribution, etc. 1996
300 ## - PHYSICAL DESCRIPTION
Pagination 128 p. ;
Size 24 cm.
504 ## - BIBLIOGRAPHY, ETC. NOTE
Bibliography, etc Includes biographical references
650 ## - SUBJECT ADDED ENTRY--TOPICAL TERM
Topical term or geographic name as entry element Education
Form subdivision Handbooks, manuals, etc
General subdivision Research
9 (RLIN) 115981
942 ## - ADDED ENTRY ELEMENTS (KOHA)
Source of classification or shelving scheme Dewey Decimal Classification
Koha item type Books
Holdings
Lost status Source of classification or shelving scheme Damaged status Not for loan Permanent Location Current Location Shelving location Date acquired Total Checkouts Full call number Date last seen Copy number Koha item type
  Dewey Decimal Classification   Not For Loan Institute of Biological Sciences (IBSc) Library Institute of Biological Sciences (IBSc) Library   07/02/2015   370.72 ABH 1996 07/02/2015 C-1 Books
  Dewey Decimal Classification   Not For Loan Institute of Biological Sciences (IBSc) Library Institute of Biological Sciences (IBSc) Library   07/02/2015   370.72 ABH 1996 07/02/2015 C-2 Books
  Dewey Decimal Classification   Not For Loan Institute of Biological Sciences (IBSc) Library Institute of Biological Sciences (IBSc) Library   07/02/2015   370.72 ABH 1996 07/02/2015 C-3 Books
  Dewey Decimal Classification   Not For Loan Institute of Biological Sciences (IBSc) Library Institute of Biological Sciences (IBSc) Library   07/02/2015   370.72 ABH 1996 07/02/2015 C-4 Books
  Dewey Decimal Classification   Not For Loan Institute of Biological Sciences (IBSc) Library Institute of Biological Sciences (IBSc) Library   07/02/2015   370.72 ABH 1996 07/02/2015 C-5 Books